=LDR 00000nam 2200000 4500 =001 NUTBA000000000000942 =005 20140407124124.0 =006 =007 =008 =020 ##$$a 979-3465-68-9 =035 ##$$a 0010-041400000000212 =082 ##$$a 371.307 m =100 ##$$a Prof.Dr.Yusufhadi Miarso,M.Sc =245 ##$$a Menyamai benih teknologi pendidikan =250 ##$$a Cet.2 =260 ##$$a Jakarta $b Prenada Media $c 2005 =300 ##$$a xxx,742 hlm $c 23 cm =990 ##$$a 92949/BPAP-NTB/2014 =990 ##$$a 21400613/BPAP-NTB/20142014